[Event "Rottach Egern Seniors Cup 12th"]
[Site "Rottach Egern"]
[Date "2024.04.06"]
[Round "1"]
[White "De Polzer, Manfredi"]
[Black "Kerschenbauer, Franz"]
[Result "0-1"]
[WhiteElo "1639"]
[BlackElo "1919"]
[PlyCount "78"]
[EventDate "2024.04.06"]
[EventType "swiss"]
[EventRounds "9"]
[EventCountry "GER"]
[SourceTitle "CB16_2024"]
[SourceDate "2024.04.17"]
[SourceVersion "1"]
[SourceVersionDate "2024.04.17"]
[SourceQuality "1"]

1. d4 g6 2. c4 Bg7 3. Nf3 d6 4. Nc3 Nd7 5. e4 e6 6. Bd3 Ne7 7. 0-0 0-0 8. Be3 h6 9. Qc1 Kh7 10. Qc2 Nc6 11. a3 e5 12. dxe5 Ndxe5 13. Nxe5 Nxe5 14. Be2 Be6 15. b3 f5 16. f4 Nc6 17. Rad1 fxe4 18. Nxe4 Qe7 19. Ng3 Bxc4 20. Bxc4 Qxe3+ 21. Qf2 Qxf2+ 22. Rxf2 Bd4 23. Ne2 Bxf2+ 24. Kxf2 Ne5 25. Bd5 c6 26. Be4 d5 27. Bc2 Ng4+ 28. Kg1 Ne3 29. Rd2 Nxc2 30. Rxc2 Rae8 31. g3 Re3 32. Rb2 Rfe8 33. Kf2 c5 34. g4 d4 35. Nc1 Rh3 36. Kg2 Ree3 37. a4 Rhf3 38. Rf2 Rxf2+ 39. Kxf2 Rc3 0-1

[Event "Rottach Egern Seniors Cup 11th"]
[Site "Rottach Egern"]
[Date "2023.04.15"]
[Round "1"]
[White "Winnig, Bernd"]
[Black "De Polzer, Manfredi"]
[Result "1-0"]
[WhiteElo "1895"]
[BlackElo "1478"]
[PlyCount "61"]
[EventDate "2023.04.15"]
[EventType "swiss"]
[EventRounds "9"]
[EventCountry "GER"]
[SourceTitle "EXT 2024"]
[Source "ChessBase"]
[SourceDate "2023.10.10"]
[SourceVersion "1"]
[SourceVersionDate "2023.10.10"]
[SourceQuality "1"]

1. d4 d5 2. c4 e6 3. g3 c6 4. Qc2 Nf6 5. Bg2 Be7 6. Nf3 0-0 7. 0-0 Nbd7 8. Nbd2 Bd6 9. e4 dxe4 10. Nxe4 Nxe4 11. Qxe4 Nf6 12. Qc2 Bd7 13. b3 Be7 14. Rd1 Rc8 15. Bb2 Ne8 16. Rac1 Bf6 17. Ne5 Rc7 18. Qe2 Bg5 19. f4 Be7 20. d5 cxd5 21. cxd5 Rxc1 22. Rxc1 Qb6+ 23. Kh1 Bb5 24. Nc4 Qa6 25. dxe6 fxe6 26. a4 Bd7 27. Qe4 b5 28. Qd3 Bc6 29. Ne3 Bxg2+ 30. Nxg2 bxa4 31. Qxa6 1-0

[Event "Arco op 44th"]
[Site "Arco"]
[Date "2022.10.15"]
[Round "8"]
[White "Kellner, Nikolaus"]
[Black "De Polzer, Manfredi"]
[Result "1-0"]
[WhiteElo "1678"]
[BlackElo "1481"]
[PlyCount "83"]
[EventDate "2022.10.08"]
[EventType "swiss"]
[EventRounds "9"]
[EventCountry "ITA"]
[SourceTitle "CBM 210 Extra"]
[Source "ChessBase"]
[SourceDate "2022.11.30"]
[SourceVersion "1"]
[SourceVersionDate "2022.11.30"]
[SourceQuality "1"]

1. c4 e5 2. Nf3 Nc6 3. Nc3 Nf6 4. g3 Bc5 5. Bg2 0-0 6. e3 e4 7. Ng5 Ne5 8. Ngxe4 Nxe4 9. Nxe4 Be7 10. Qe2 c6 11. d4 Ng6 12. Nc3 d6 13. h4 Re8 14. h5 Nf8 15. h6 g6 16. b3 Bf6 17. Bb2 Bxd4 18. 0-0-0 Bf6 19. Ne4 Bxb2+ 20. Qxb2 Re5 21. f4 f5 22. Nxd6 Re7 23. Nf7 Qxd1+ 24. Rxd1 Rxf7 25. Rd8 b6 26. Bxc6 Bb7 27. Rxa8 Bxc6 28. Rxf8+ Kxf8 29. Qe5 Bd7 30. Qb8+ Be8 31. Qd6+ Kg8 32. a4 Rd7 33. Qb8 Kf7 34. Qe5 Re7 35. Qh8 Ke6 36. b4 Bxa4 37. Qe5+ Kf7 38. Qd5+ Kf6 39. b5 Bb3 40. Qd4+ Kf7 41. Qc3 Ba2 42. Kb2 1-0

[Event "Arber Seniors op 6th"]
[Site "Bayerisch Eisenstein"]
[Date "2018.08.04"]
[Round "8"]
[White "De Polzer, Manfredi"]
[Black "Bausch, Jean"]
[Result "0-1"]
[WhiteElo "1553"]
[BlackElo "1711"]
[PlyCount "60"]
[EventDate "2018.07.28"]
[EventType "swiss"]
[EventRounds "9"]
[EventCountry "GER"]
[SourceTitle "CBM 185 Extra"]
[Source "ChessBase"]
[SourceDate "2018.07.29"]
[SourceVersion "1"]
[SourceVersionDate "2018.07.29"]
[SourceQuality "1"]

1. c4 Nf6 2. Nc3 g6 3. g3 Bg7 4. Bg2 0-0 5. d4 d6 6. e4 e5 7. d5 Nbd7 8. a4 a5 9. Nge2 Nc5 10. Be3 b6 11. 0-0 Ne8 12. Rb1 f5 13. b4 axb4 14. Rxb4 Nf6 15. Bxc5 dxc5 16. Rb2 fxe4 17. Nxe4 Nxe4 18. Bxe4 Bf5 19. Nc3 Qd7 20. Bg2 e4 21. Qb3 Bxc3 22. Qxc3 Rxa4 23. Re2 c6 24. Rd2 Qf7 25. Rc1 cxd5 26. cxd5 Rfa8 27. Qe5 Ra2 28. Rxa2 Rxa2 29. Bxe4 Bxe4 30. Qxe4 Qxf2+ 0-1

[Event "Arco op-B 39th"]
[Site "Arco"]
[Date "2017.10.14"]
[Round "7"]
[White "Gulinelli, Euro"]
[Black "De Polzer, Manfredi"]
[Result "0-1"]
[WhiteElo "1590"]
[BlackElo "1541"]
[PlyCount "102"]
[EventDate "2017.10.08"]
[EventType "swiss"]
[EventRounds "8"]
[EventCountry "ITA"]
[SourceTitle "CBM 181 Extra"]
[Source "ChessBase"]
[SourceDate "2017.12.12"]
[SourceVersion "1"]
[SourceVersionDate "2017.12.12"]
[SourceQuality "1"]

1. e4 e6 2. d3 c5 3. Nf3 d6 4. g3 Nc6 5. Bg2 Be7 6. 0-0 Bf6 7. Nbd2 Qc7 8. c3 b5 9. Re1 e5 10. a3 a5 11. Nf1 h6 12. h4 Bg4 13. N1h2 Be6 14. Be3 a4 15. Rc1 Qb7 16. d4 Bb3 17. Qd2 Na5 18. Bf1 Rd8 19. Bd3 Be6 20. Qe2 c4 21. Bc2 Ne7 22. d5 Bc8 23. g4 Ng6 24. g5 hxg5 25. hxg5 Be7 26. Qd1 Nb3 27. Bxb3 axb3 28. Kf1 Kf8 29. Ke2 Qd7 30. Rh1 Re8 31. Qg1 Qd8 32. Kd2 Rh5 33. Nf1 Rxh1 34. Qxh1 Kg8 35. Qh5 Nf4 36. Bxf4 exf4 37. N1h2 g6 38. Qh4 Bf8 39. Qxf4 Bg7 40. Ng4 Bxg4 41. Qxg4 Qe7 42. Re1 Be5 43. Nh4 Qa7 44. Re2 b4 45. f4 bxc3+ 46. bxc3 b2 47. Kc2 Bxc3 48. Qg3 Qxa3 49. Re3 Qb3+ 50. Kb1 Qd1+ 51. Ka2 Qa1# 0-1

[Event "Arco op-B 39th"]
[Site "Arco"]
[Date "2017.10.09"]
[Round "2"]
[White "De Polzer, Manfredi"]
[Black "Giacchino, Claudio"]
[Result "0-1"]
[WhiteElo "1541"]
[BlackElo "1619"]
[PlyCount "96"]
[EventDate "2017.10.08"]
[EventType "swiss"]
[EventRounds "8"]
[EventCountry "ITA"]
[SourceTitle "CBM 181 Extra"]
[Source "ChessBase"]
[SourceDate "2017.12.12"]
[SourceVersion "1"]
[SourceVersionDate "2017.12.12"]
[SourceQuality "1"]

1. d4 Nf6 2. c4 e6 3. Nc3 d5 4. cxd5 exd5 5. Nf3 c6 6. Bg5 Bf5 7. e3 Be7 8. Bd3 Ne4 9. Bxe7 Qxe7 10. 0-0 Nd7 11. Qc2 Ndf6 12. Ne5 Bg6 13. Ne2 Nd7 14. f4 f5 15. Bxe4 dxe4 16. Qb3 Nb6 17. Ng3 Nd5 18. Rfe1 Rc8 19. Rac1 Rc7 20. Rc5 0-0 21. a4 Rfc8 22. Rec1 Kf8 23. a5 Qd6 24. Kf2 h5 25. Qc4 h4 26. Ne2 Bh7 27. Ng1 Bg8 28. Qe2 Qh6 29. Nh3 Bf7 30. Kg1 Bh5 31. Qf2 Bf7 32. Ng5 Bg8 33. Qxh4 Nxe3 34. Qxh6 gxh6 35. Nh3 Rd8 36. Kf2 Nd5 37. g3 Be6 38. Ng1 Nb4 39. Ke3 Nd5+ 40. Ke2 Nf6 41. Ng6+ Kg7 42. Nh4 Nd5 43. Ng2 Nb4 44. Ne1 Rxd4 45. Ke3 Rcd7 46. Ne2 Rd2 47. Kf2 Rxb2 48. Nc2 Nd3+ 0-1

[Event "Cortina d'Ampezzo op 2nd"]
[Site "Cortina d'Ampezzo"]
[Date "2013.09.15"]
[Round "7"]
[White "Girardelli, Daniel"]
[Black "De Polzer, Manfredi"]
[Result "0-1"]
[WhiteElo "1518"]
[BlackElo "1682"]
[PlyCount "46"]
[EventDate "2013.09.10"]
[EventType "swiss"]
[EventRounds "7"]
[EventCountry "ITA"]
[SourceTitle "CBM 156 Extra"]
[Source "ChessBase"]
[SourceDate "2013.10.22"]
[SourceVersion "1"]
[SourceVersionDate "2013.10.22"]
[SourceQuality "1"]

1. e4 e6 2. Nf3 d5 3. e5 a6 4. d4 c5 5. Be3 Qb6 6. b3 Nc6 7. Be2 cxd4 8. Bxd4 Bc5 9. c3 Nge7 10. Bxc5 Qxc5 11. 0-0 Ng6 12. Kh1 Ncxe5 13. Nxe5 Nxe5 14. Qd4 Qxd4 15. cxd4 Nc6 16. Rd1 Bd7 17. Nc3 b5 18. Bxb5 axb5 19. Nxb5 Ke7 20. a3 Rhc8 21. Rdc1 Na5 22. Rc7 Nxb3 23. Rxc8 Rxc8 0-1

[Event "Cortina d'Ampezzo op 2nd"]
[Site "Cortina d'Ampezzo"]
[Date "2013.09.10"]
[Round "2"]
[White "De Polzer, Manfredi"]
[Black "Di Cicco, Daniela"]
[Result "1-0"]
[WhiteElo "1682"]
[BlackElo "1422"]
[PlyCount "81"]
[EventDate "2013.09.10"]
[EventType "swiss"]
[EventRounds "7"]
[EventCountry "ITA"]
[SourceTitle "CBM 156 Extra"]
[Source "ChessBase"]
[SourceDate "2013.10.22"]
[SourceVersion "1"]
[SourceVersionDate "2013.10.22"]
[SourceQuality "1"]

1. e4 e6 2. d4 d5 3. Nd2 dxe4 4. Nxe4 Nd7 5. Nf3 h6 6. Bd2 Ngf6 7. Bd3 Nxe4 8. Bxe4 Nf6 9. Bd3 Be7 10. Qe2 0-0 11. 0-0 Rb8 12. c4 b6 13. Rfd1 Bb7 14. a3 Re8 15. Bc3 c5 16. dxc5 Qc7 17. Be5 Qxc5 18. Bxb8 Rxb8 19. b4 Qc7 20. Rac1 Bd6 21. g3 Rd8 22. Nd2 Qb8 23. Ne4 Be5 24. Nxf6+ Bxf6 25. Be4 Bxe4 26. Qxe4 Bb2 27. Rxd8+ Qxd8 28. Rb1 Bf6 29. Qf3 Qc8 30. Qd3 Be7 31. Rd1 g6 32. Qd7 Qxd7 33. Rxd7 Kf8 34. Rxa7 Bd8 35. Rb7 Ke8 36. a4 g5 37. g4 e5 38. c5 bxc5 39. bxc5 Ba5 40. c6 Bd8 41. c7 1-0

[Event "EU-ch Seniors 11th"]
[Site "Courmayeur"]
[Date "2011.04.13"]
[Round "8"]
[White "De Polzer, Manfredi"]
[Black "Luebbers, Doris"]
[Result "1-0"]
[WhiteElo "1697"]
[BlackElo "1602"]
[PlyCount "57"]
[EventDate "2011.04.06"]
[EventType "swiss"]
[EventRounds "9"]
[EventCountry "ITA"]
[SourceTitle "CBM 141 Extra"]
[Source "ChessBase"]
[SourceDate "2011.05.03"]
[SourceVersion "1"]
[SourceVersionDate "2011.05.03"]
[SourceQuality "1"]

1. e4 c5 2. Nf3 d6 3. Be2 Nf6 4. Nc3 e6 5. 0-0 Be7 6. b3 0-0 7. Bb2 a6 8. d4 cxd4 9. Nxd4 b5 10. Bf3 Ra7 11. Qe2 Rc7 12. Rad1 Bb7 13. e5 Ne8 14. exd6 Nxd6 15. Bxb7 Rxb7 16. Ne4 Rd7 17. Nc5 Ra7 18. Ncxe6 fxe6 19. Nxe6 Qe8 20. Nxf8 Qxf8 21. Qe6+ Kh8 22. Bd4 Rc7 23. Be5 Rc6 24. Qd5 Rb6 25. Rd3 Nf7 26. Bc7 Rf6 27. Re1 h6 28. Bxb8 Qxb8 29. Rxe7 1-0

[Event "EU-ch Seniors 11th"]
[Site "Courmayeur"]
[Date "2011.04.12"]
[Round "7"]
[White "Schiappacasse, Marcello"]
[Black "De Polzer, Manfredi"]
[Result "1-0"]
[WhiteElo "1896"]
[BlackElo "1697"]
[PlyCount "43"]
[EventDate "2011.04.06"]
[EventType "swiss"]
[EventRounds "9"]
[EventCountry "ITA"]
[SourceTitle "CBM 141 Extra"]
[Source "ChessBase"]
[SourceDate "2011.05.03"]
[SourceVersion "1"]
[SourceVersionDate "2011.05.03"]
[SourceQuality "1"]

1. e4 e6 2. d4 d5 3. Nd2 dxe4 4. Nxe4 Nf6 5. Bg5 Be7 6. Bxf6 Bxf6 7. Nf3 0-0 8. c3 b6 9. Bd3 Bb7 10. Qc2 Nd7 11. 0-0-0 Be7 12. h4 f5 13. Neg5 Bxg5+ 14. Nxg5 Qf6 15. Qa4 Rfd8 16. Rhe1 Nf8 17. Re5 Rd5 18. Rde1 Rxe5 19. dxe5 Qe7 20. f3 h6 21. Nh3 Qxh4 22. Qxh4 1-0

[Event "EU-ch Seniors 11th"]
[Site "Courmayeur"]
[Date "2011.04.06"]
[Round "1"]
[White "Valenti, Giuseppe"]
[Black "De Polzer, Manfredi"]
[Result "1-0"]
[WhiteElo "2143"]
[BlackElo "1697"]
[PlyCount "57"]
[EventDate "2011.04.06"]
[EventType "swiss"]
[EventRounds "9"]
[EventCountry "ITA"]
[SourceTitle "CBM 141 Extra"]
[Source "ChessBase"]
[SourceDate "2011.05.03"]
[SourceVersion "1"]
[SourceVersionDate "2011.05.03"]
[SourceQuality "1"]

1. f4 d5 2. Nf3 c5 3. e3 Nc6 4. b3 Nf6 5. Bb2 d4 6. exd4 cxd4 7. Bb5 Bd7 8. 0-0 e6 9. Bxc6 Bxc6 10. Nxd4 Bc5 11. c3 Qd5 12. Qe2 0-0 13. Kh1 Rfe8 14. Nxc6 Qxc6 15. d4 Bd6 16. c4 Rad8 17. Nc3 Bb8 18. Rad1 a6 19. Qf3 Qc7 20. g3 b6 21. Rf2 Qe7 22. g4 h6 23. g5 hxg5 24. fxg5 Nd7 25. Rg2 Nf8 26. Ne4 Ng6 27. Nf6+ gxf6 28. gxf6 Qf8 29. Qh5 1-0

[Event "Wch Seniors 20th"]
[Site "Arco"]
[Date "2010.11.05"]
[Round "10"]
[White "De Polzer, Manfredi"]
[Black "Vanzan, Alessandro"]
[Result "0-1"]
[WhiteElo "1809"]
[BlackElo "1751"]
[PlyCount "52"]
[EventDate "2010.10.26"]
[EventType "swiss"]
[EventRounds "11"]
[EventCountry "ITA"]
[SourceTitle "EXT 2011"]
[Source "ChessBase"]
[SourceDate "2010.11.26"]
[SourceVersion "1"]
[SourceVersionDate "2010.11.26"]
[SourceQuality "1"]

1. c4 Nf6 2. Nc3 d6 3. d4 Nc6 4. e4 g6 5. Be2 Bg7 6. Be3 0-0 7. Rb1 a5 8. h3 b6 9. Bf3 Bb7 10. a3 e5 11. Nge2 Nd7 12. d5 Ne7 13. Qc2 f5 14. Bc1 Bc8 15. b4 axb4 16. axb4 Nf6 17. Ng3 fxe4 18. Ngxe4 Nxe4 19. Bxe4 Nf5 20. Bxf5 Bxf5 21. Ne4 Qh4 22. g4 Bxe4 23. Qxe4 Qxf2+ 24. Kd1 Ra2 25. Be3 Qe2+ 26. Kc1 Rf1+ 0-1

[Event "Arco op 32nd"]
[Site "Arco"]
[Date "2010.10.21"]
[Round "6"]
[White "De Polzer, Manfredi"]
[Black "Schuetzler, Bernd"]
[Result "1/2-1/2"]
[WhiteElo "1809"]
[BlackElo "1707"]
[PlyCount "102"]
[EventDate "2010.10.16"]
[EventType "swiss"]
[EventRounds "9"]
[EventCountry "ITA"]
[SourceTitle "EXT 2024"]
[Source "ChessBase"]
[SourceDate "2023.10.10"]
[SourceVersion "1"]
[SourceVersionDate "2023.10.10"]
[SourceQuality "1"]

1. e4 e5 2. Nf3 Nc6 3. Bc4 Bc5 4. Nc3 Nf6 5. d3 d6 6. Bg5 h6 7. Bh4 Na5 8. Qe2 Nxc4 9. dxc4 Bb4 10. Bxf6 Qxf6 11. Qe3 Bg4 12. 0-0-0 Bxc3 13. Qxc3 Bxf3 14. gxf3 0-0-0 15. Rdg1 h5 16. Qe3 b6 17. b3 Rhg8 18. Kb2 g5 19. Rg3 h4 20. Rg4 Qe7 21. Rhg1 f6 22. a4 a5 23. Qd2 Qd7 24. Qd5 c6 25. Qd3 Qb7 26. Rd1 Rd7 27. Qe3 Rgd8 28. Rgg1 Qc7 29. Rd3 Kb7 30. Rgd1 Kc8 31. Qe2 c5 32. R1d2 Qc6 33. Rd5 Kc7 34. R2d3 Kb7 35. Qf1 Kc7 36. Qh3 Rf7 37. Qe6 Qd7 38. Rxd6 Qxe6 39. Rxe6 Rxd3 40. cxd3 Rd7 41. Rxf6 Rxd3 42. Kc2 Rd6 43. Rf5 Rg6 44. h3 Kd6 45. Kd3 Ke6 46. Rf8 Kd6 47. Ke3 Kd7 48. Rb8 Kc7 49. Ra8 Kc6 50. Ra7 Kd6 51. Kd2 Kc6 1/2-1/2